1500 Fascinating Facts / (Record no. 13149)
[ view plain ]
| 000 -LEADER | |
|---|---|
| fixed length control field | 00901nam a2200253 a 4500 |
| 001 - CONTROL NUMBER | |
| control field | 1900230 |
| 005 - DATE AND TIME OF LATEST TRANSACTION | |
| control field | 19841116000000.0 |
| 008 - FIXED-LENGTH DATA ELEMENTS--GENERAL INFORMATION | |
| fixed length control field | 840208s1983 enka j e 00| 0deng d |
| 010 ## - LIBRARY OF CONGRESS CONTROL NUMBER | |
| LC control number | 84115939 |
| 020 ## - INTERNATIONAL STANDARD BOOK NUMBER | |
| International Standard Book Number | 1850511276 |
| 040 ## - CATALOGING SOURCE | |
| Original cataloging agency | DLC |
| Transcribing agency | DLC |
| Modifying agency | DLC |
| 050 00 - LIBRARY OF CONGRESS CALL NUMBER | |
| Classification number | AG6 |
| Item number | .G66 1983 |
| 082 00 - DEWEY DECIMAL CLASSIFICATION NUMBER | |
| Classification number | 032 |
| Edition number | 22 |
| Item number | GOO |
| 100 1# - MAIN ENTRY--PERSONAL NAME | |
| Personal name | Goodenough, Simon. |
| 9 (RLIN) | 10410 |
| 245 10 - TITLE STATEMENT | |
| Title | 1500 Fascinating Facts / |
| Statement of responsibility, etc | Simon Goodenough, with additional text by Tim Dowley ... [et al.]. |
| 260 ## - PUBLICATION, DISTRIBUTION, ETC. (IMPRINT) | |
| Place of publication, distribution, etc | London : |
| Name of publisher, distributor, etc | Octopus Books, 1983 |
| Date of publication, distribution, etc | 1983. |
| 300 ## - PHYSICAL DESCRIPTION | |
| Extent | 282 p. : |
| Other physical details | ill. ; |
| Dimensions | 28 cm. |
| 500 ## - GENERAL NOTE | |
| General note | Donation |
| 650 #0 - SUBJECT ADDED ENTRY--TOPICAL TERM | |
| Topical term or geographic name as entry element | Children's encyclopedias and dictionaries. |
| 9 (RLIN) | 10411 |
| 700 1# - ADDED ENTRY--PERSONAL NAME | |
| Personal name | Dowley, Tim. |
| 9 (RLIN) | 10412 |
| 740 0# - ADDED ENTRY--UNCONTROLLED RELATED/ANALYTICAL TITLE | |
| Uncontrolled related/analytical title | Fifteen hundred fascinating facts. |
| 942 ## - ADDED ENTRY ELEMENTS (KOHA) | |
| Source of classification or shelving scheme | Dewey Decimal Classification |
| Item type | Book - Borrowing |
| Withdrawn status | Item status | Source of classification or shelving scheme | Damaged status | Not for loan | Vendor | Home library | Current library | Shelving location | Date acquired | Source of acquisition | Total Checkouts | Full call number | Barcode | Date last seen | Koha item type |
|---|---|---|---|---|---|---|---|---|---|---|---|---|---|---|---|
| Dewey Decimal Classification | Central Library | Central Library | Ground Floor | 17/01/2010 | Donation | 032 GOO | 000019391 | 15/07/2025 | Reference (NB) |